书目信息 |
| 题名: |
情报学基础
|
|
| 作者: | 严怡民 编 | |
| 分册: | ||
| 出版信息: | 武汉 武汉大学出版社 |
|
| 页数: | 347页 | |
| 开本: | 32开 | |
| 丛书名: | ||
| 单 册: | ||
| 中图分类: | G350 | |
| 科图分类: | ||
| 主题词: | 情报学 , 情报工作 | |
| 电子资源: | ||
| ISBN: | 7-307-00154-3 | |
| 000 | 00534nam0 2200205 45 | |
| 001 | 0006210980 | |
| 005 | 20001123145720.2 | |
| 010 | @a7-307-00154-3@d1.80元 | |
| 100 | @a20000621d km y0chiy0120 ea | |
| 101 | 0 | @achi |
| 105 | @a z 000yy | |
| 200 | 1 | @a情报学基础@AQing Bao Xue Ji Chu@f严怡民编@FYan Yi Min Bian |
| 210 | @a武汉@c武汉大学出版社 | |
| 215 | @a347页@d32开 | |
| 606 | 0 | @a情报学 |
| 606 | 0 | @a情报工作 |
| 690 | @aG350@v3 | |
| 701 | 0 | @a严怡民@4编 |
| 801 | @aCN@bPftUser@c20000621 | |
| 905 | @dG350@eY543@b502135@f1 | |
| 情报学基础/严怡民编.-武汉:武汉大学出版社 |
| 347页;32开 |
| ISBN 7-307-00154-3:1.80元 |
| ● |
| 相关链接 |
|
|
|
正题名:情报学基础
索取号:G350/Y543
 
预约/预借
| 序号 | 登录号 | 条形码 | 馆藏地/架位号 | 状态 | 备注 |
| 1 | 502135 | 205021359 | 社科库409/409社科库 120排3列5层/ [索取号:G350/Y543] | 在馆 |